| 000 | 00554nam a2200169 a 4500 | ||
|---|---|---|---|
| 005 | 20140127094228.0 | ||
| 008 | 140127b2005 ck ||||| |||| 00| 0 spa d | ||
| 041 | _aspa | ||
| 044 | _ack | ||
| 090 |
_aIAVH _b00530 |
||
| 100 |
_aLondoño Andrade, Camilo José _95154 |
||
| 245 |
_aInforme de actividades Camilo José Londoño Andrade de contrato de prestación de servicios _b[Unidad sistemas de información gepgráfica-SIG] |
||
| 260 |
_aBogotá _bInstituto Alexander von Humboldt _c2005 |
||
| 300 | _a16 p. | ||
| 942 |
_cCD-ROM _2z |
||
| 945 | _d2006-02-08 | ||
| 999 |
_c5224 _d5224 |
||